Optimalizácia procesu dražovania diplomová práca

Salvato in:
Dettagli Bibliografici
Autore principale: Kašuba, Dominik
Natura: Libro
Lingua:slovacco
Pubblicazione: Bratislava STU FCHPT 2015
Accesso online:Visualizza in OPAC
Tags: Aggiungi Tag
Nessun Tag, puoi essere il primo ad aggiungerne!!

MARC

LEADER 00000nam a2200000 a 4500
005 20260127133954.0
008 151202 2014 000 0 slo d
035 |a vtls011425817 
039 9 |y 201512021537  |z mschk03 
040 |a STUSCHK1  |b slo  |c STUSCHK1  |e AACR2 
100 1 |a Kašuba, Dominik 
245 1 |a Optimalizácia procesu dražovania  |b diplomová práca  |c Dominik Kašuba 
260 |a Bratislava  |b STU FCHPT  |c 2015 
300 |a 63 s.  |b il.  |c 25 cm 
500 |a Študijný program: chemické inžinierstvo 
500 |a Študijný odbor: chemické inžinierstvo 
500 |a Školiace pracovisko: Odd. chemického a biochemického inžinierstva 
500 |a Evid. číslo: FCHPT-5433-69329 
910 |a SCHK95 
999 |c 1209  |d 1209